00552nam a2200157 i 4500001000300000100001900003245012300022260003800145300002700183500001700210040000800227041000800235080001200243008004100255856009800296bg1 aGOLEMBO, Z. B. 0aAlgorytmizacija i programmirovanie elektrotechniceskich zadač na elektronnych cifrovych mašinach /cZ. B. Golembo. aMoskva :b"Vyssaja Skola",c1974. as. 174, nlb. 1 :brys. a[Alf. ros.]. cBPK apol a681.323 s pl f |000 0 pol  uhttp://koha.tu.koszalin.pl/cgi-bin/koha/opac-detail.pl?biblionumber=26579yKatalog online BPK